Atlas lingüístico-Etnográfico del sur de Chile: ALESUCH
Guardat en:
| Autors principals: | , , , |
|---|---|
| Format: | Llibre |
| Idioma: | espanyol |
| Publicat: |
Valdivia
Andrés Bello
1973
|
| Matèries: | |
| Etiquetes: |
Afegir etiqueta
Sense etiquetes, Sigues el primer a etiquetar aquest registre!
|
MARC
| LEADER | 00000cam a2200000 a 4500 | ||
|---|---|---|---|
| 001 | UCQ7391 | ||
| 003 | CL-VaPUC | ||
| 008 | 981107e19730000CL |||||||||||||||||spa|d | ||
| 082 | 0 | 4 | |a 498.3 |b ARA |2 21 |
| 100 | 0 | |a Araya, Guillermo |e author |9 421261 | |
| 700 | 0 | |a Contreras, Constantino |e author |9 421262 | |
| 700 | 0 | |a Wagner, Claudio |e author |9 421263 | |
| 700 | 0 | |a Bernales, Mario |e author |9 421264 | |
| 245 | 1 | 0 | |a Atlas lingüístico-Etnográfico del sur de Chile: ALESUCH |
| 300 | |a v | ||
| 942 | |c BK | ||
| 945 | |d 19981107 00:00:00 |a crobeson | ||
| 260 | |a Valdivia |b Andrés Bello |c 1973 | ||
| 650 | 0 | |a Mapas |9 260844 | |
| 650 | 7 | |a LENGUAS INDIGENAS |2 CL-VaPUC |9 421265 | |
| 650 | 0 | |a Etnolingüística |9 341076 | |
| 650 | 0 | |a Etnografía |9 309735 | |
| 651 | 7 | |a CHILE |2 CL-VaPUC |9 421266 | |
| 583 | |a last modification |c 20170706 09:33:27 |k Rodrigo Vera | ||
| 999 | |c 277067 |d 277065 | ||
| 952 | |0 0 |1 0 |4 0 |6 498_300000000000000_ARA_1973 |7 0 |8 X |9 314787 |a BIBEDU |b BIBEDU |d 2019-11-20 |h v.1 |i 148933K |o 498.3 ARA 1973 |p 148933K |r 2023-01-13 |w 2019-11-20 |y BK_X |k LIT | ||
| 952 | |0 0 |1 0 |4 0 |6 498_300000000000000_ARA_1973 |7 0 |8 X |9 314788 |a BIBEDU |b BIBEDU |d 2019-11-20 |h v.1 |i 1489348 |o 498.3 ARA 1973 |p 1489348 |r 2023-01-13 |w 2019-11-20 |y BK_X |k LIT | ||
| 952 | |0 0 |1 0 |4 0 |6 498_300000000000000_ARA_1973 |7 0 |8 X |9 314789 |a FDOBUD |b FDOBUD |d 2019-11-20 |h v.1 |i 4622820 |o 498.3 ARA 1973 |p 4622820 |r 2019-11-20 |w 2019-11-20 |y BK_X |k BUD | ||
| 952 | |0 0 |1 0 |3 erd |4 0 |6 498_300000000000000_ARA_1973 |7 0 |8 X |9 314790 |a FDOBUD |b FDOBUD |h t.1 |i 5407036 |o 498.3 ARA 1973 |p 5407036 |r 2019-11-20 |w 2019-11-20 |y BK_X |z Catalogado en:20170709 |k BUD | ||